DomundiTV bl series - sudden death - Statistics

General Stats
  • This quiz has been taken 55 times
  • The average score is 8 of 12
Answers on the Grid
Answers color-coded by a green-red scale on the quiz's grid according to % correct below.
Kkemjira
Crush on you
Step by step
Jun & Jun
Your sky
Bed friend
Duang with you
Close friends
Cutie pie
Love in the air
Kinnporsche
The eclipse
Only friends
My golden blood
Boys in love
Burout syndrome
Love you teacher
why R U ?
Peach of time
The middleman's love
 
Answer Stats
Answer % Correct
Kkemjira
86%
Cutie pie
81%
Your sky
81%
Duang with you
78%
The middleman's love
73%
why R U ?
70%
Bed friend
68%
Close friends
51%
Step by step
51%
Crush on you
46%
Peach of time
43%
Jun & Jun
35%
No matching quizzes found
Score Distribution
Percent of People with Each Score
Percentile by Number Answered
Your Score History
You have not taken this quiz